Crónica de la Fiesta del Árbol en España ... / fundador: Rafael Puig y Valls ; director: Santiago Pérez Argemí, José Udina Cortiles Rafael Puig y Valls ; director:
Publicado:
Barcelona :
Imprenta de la Casa Provincial de Caridad : Asociación de Amigos de la Fiesta del Árbol, [1907-]
Descripción Física:
v.
Materias:
Festa de l'arbre -- Espanya
MARC
| LEADER | 00000nam a2200000Ia 4500 | ||
|---|---|---|---|
| 001 | 20771, 11364, 11365 | ||
| 008 | 160829s9999 xx 000 0 cat d | ||
| 080 | |a 1946, exp. 6; M-1-160, FOL-1-108 | ||
| 245 | |a Crónica de la Fiesta del Árbol en España ... / fundador: |b Rafael Puig y Valls ; director: |b Santiago Pérez Argemí, José Udina Cortiles | ||
| 260 | |a Barcelona : |b Imprenta de la Casa Provincial de Caridad : |b Asociación de Amigos de la Fiesta del Árbol, [1907-] | ||
| 300 | |a v. | ||
| 650 | |a Festa de l'arbre |x Espanya |9 48143 | ||
| 700 | |a Puig i Valls, Rafael |9 48340 | ||
| 700 | |a Pérez Argemí, Santiago, dir. |9 48145 | ||
| 700 | |a Udina i Cortiles, Josep, dir. |9 48146 | ||
| 866 | |a 1903, 1907, 1911 | ||
| 901 | |a Arxiu | ||
| 942 | |n 1 | ||
| 952 | |0 0 |1 0 |4 0 |6 1946_EXP_6_M1160_FOL1108 |7 1 |9 54350 |a Arxiu |b Arxiu |d 2016-12-01 |l 0 |o 1946, exp. 6; M-1-160, FOL-1-108 |p 20771, 11364, 11365 |r 2016-12-01 00:00:00 |w 2016-12-01 |y ARXIU | ||
| 999 | |c 58219 |d 58219 | ||